Подготовка педагогов системы дошкольного образования к созданию билингвальной образовательной среды (Запись № 13676461)

Подробности
000 -МАРКЕР
контрольное поле 02573nam0a2200409 4500
001 - ИДЕНТИФИКАТОР ЗАПИСИ
контрольное поле RU\NLR\BIBL_A\022576356
005 - ИДЕНТИФИКАТОР ВЕРСИИ
контрольное поле 20260420050236.0
010 ## - МЕЖДУНАРОДНЫЙ СТАНДАРТНЫЙ НОМЕР КНИГИ (ISBN)
Номер (ISBN) 978-5-907821-46-0
Тираж 500
021 ## - НОМЕР ГОСУДАРСТВЕННОЙ РЕГИСТРАЦИИ
Код страны Российская Федерация
Номер КН-П-25-026980
Номер Листа государственной регистраци КН-П-25-2679
035 ## - ДРУГИЕ СИСТЕМНЫЕ НОМЕРА
Идентификатор записи (NLR Aleph) 022576356
100 ## - ДАННЫЕ ОБЩЕЙ ОБРАБОТКИ
Данные общей обработки 20250630d2024 k y0rusy50 ca
101 0# - ЯЗЫК РЕСУРСА
Язык текста, звукозаписи и т.д. русский
102 ## - СТРАНА ПУБЛИКАЦИИ ИЛИ ПРОИЗВОДСТВА
Страна публикации Российская Федерация
105 ## - ПОЛЕ КОДИРОВАННЫХ ДАННЫХ: ТЕКСТОВЫЕ МАТЕРИАЛЫ, МОНОГРАФИЧЕСКИЕ
Кодированные данные о монографическом текстовом документе a z 000yy
181 #0 - ПОЛЕ КОДИРОВАННЫХ ДАННЫХ: ВИД СОДЕРЖАНИЯ
Код вида содержания (ISBD) i3
Код характеристики содержания (ISBD) axxe
182 #0 - ПОЛЕ КОДИРОВАННЫХ ДАННЫХ: ТИП СРЕДСТВА
Код типа средства (ISBD) n - непосредственное
200 1# - ЗАГЛАВИЕ И СВЕДЕНИЯ ОБ ОТВЕТСТВЕННОСТИ
Основное заглавие Подготовка педагогов системы дошкольного образования к созданию билингвальной образовательной среды
Параллельное заглавие Training of teachers of the preschool educational system to the creation of a bilingual educational environment
Сведения, относящиеся к заглавию монография
Первые сведения об ответственности Е. Б. Быстрай, Б. А. Артеменко
Последующие сведения об ответственности Южно-Уральский государственный гуманитарно-педагогический университет, Южно-Уральский научный центр Российской академии образования (РАО)
Язык параллельного заглавия английский
203 ## - ВИД СОДЕРЖАНИЯ И ТИП СРЕДСТВА
Вид содержания Текст
Дополнительные сведения об издании визуальный
Тип средства непосредственный
210 ## - ПУБЛИКАЦИЯ, РАСПРОСТРАНЕНИЕ И ДР.
Место издания, распространения и т.д. Челябинск
Имя издателя, распространителя и т. д. Южно-Уральский научный центр Российской академии образования
Дата издания, распространения и т.д. 2024
215 ## - ФИЗИЧЕСКАЯ ХАРАКТЕРИСТИКА
Специфическое обозначение материала и объем 224 с.
Другие сведения о физической характеристике ил.
Размеры 21
300 ## - ОБЩИЕ ПРИМЕЧАНИЯ
Текст примечания На парал. тит. с. авт. также на англ. яз.: E. B. Bystray, B. A. Artemenko
320 ## - ПРИМЕЧАНИЯ О НАЛИЧИИ В ДОКУМЕНТЕ БИБЛИОГРАФИИ / УКАЗАТЕЛЯ
Текст примечания Библиогр.: с. 208-224 (120 назв.)
510 1# - ПАРАЛЛЕЛЬНОЕ ЗАГЛАВИЕ
Связь между полями z45790
Параллельное заглавие Training of teachers of the preschool educational system to the creation of a bilingual educational environment
Язык заглавия английский
606 1# - НАИМЕНОВАНИЕ ТЕМЫ КАК ПРЕДМЕТ
Наименование темы Воспитатели дошкольных учреждений
Тематический подзаголовок Подготовка
Системный номер авторитетной/нормативной записи 2108245
Идентификатор авторитетной/нормативной записи RU\NLR\auth\661577932
606 1# - НАИМЕНОВАНИЕ ТЕМЫ КАК ПРЕДМЕТ
Наименование темы Дошкольники
Тематический подзаголовок Билингвальное обучение
Системный номер авторитетной/нормативной записи 2582995
Идентификатор авторитетной/нормативной записи RU\NLR\AUTH\661526854
686 1# - ИНДЕКСЫ ДРУГИХ КЛАССИФИКАЦИЙ
Индекс Ч489.518.1
686 1# - ИНДЕКСЫ ДРУГИХ КЛАССИФИКАЦИЙ
Индекс Ч411.382.5
700 #1 - ИМЯ ЛИЦА - ПЕРВИЧНАЯ ОТВЕТСТВЕННОСТЬ
Графика поля Кириллица
Материалы, к которым относится поле rus
Начальный элемент ввода Быстрай
Часть имени, кроме начального элемента ввода Е. Б.
Даты 1957-
Расширение инициалов личного имени Елена Борисовна
Системный номер авторитетной/нормативной записи 205440
Идентификатор авторитетной/нормативной записи RU\NLR\AUTH\770205492
701 #1 - ИМЯ ЛИЦА - АЛЬТЕРНАТИВНАЯ ОТВЕТСТВЕННОСТЬ
Графика поля Кириллица
Материалы, к которым относится поле rus
Начальный элемент ввода Артеменко
Часть имени, кроме начального элемента ввода Б. А.
Расширение инициалов личного имени Борис Александрович
Системный номер авторитетной/нормативной записи 145153
Идентификатор авторитетной/нормативной записи RU\NLR\AUTH\770145189
790 #1 - ИМЯ ЛИЦА - АЛЬТЕРНАТИВНАЯ ФОРМА
Графика поля Латинская
Материалы, к которым относится поле rus
Начальный элемент ввода Bystraj
Часть имени, кроме начального элемента ввода E. B.
Даты 1957-
Расширение инициалов личного имени Elena Borisovna
Системный номер авторитетной/нормативной записи 2676576
Идентификатор авторитетной/нормативной записи RU\NLR\AUTH\770284179
790 #1 - ИМЯ ЛИЦА - АЛЬТЕРНАТИВНАЯ ФОРМА
Графика поля Латинская
Материалы, к которым относится поле rus
Начальный элемент ввода Artemenko
Часть имени, кроме начального элемента ввода B. A.
Расширение инициалов личного имени Boris Aleksandrovič
Системный номер авторитетной/нормативной записи 2676591
Идентификатор авторитетной/нормативной записи RU\NLR\AUTH\770284194
942 ## - ДОПОЛНИТЕЛЬНЫЕ ЭЛЕМЕНТЫ ЗАПИСИ (АБИС)
Тип экземпляра АБИС Книга
980 ## - КОЛЛЕКЦИЯ
Название коллекции Национальная библиография

Нет доступных экземпляров.